রবীন্দ্রজীবনে ও সাহিত্যে চট্টগ্রাম / (Record no. 74304)
[ view plain ]
| 000 -LEADER | |
|---|---|
| fixed length control field | 01180nam a2200253 a 4500 |
| 001 - CONTROL NUMBER | |
| control field | 74304 |
| 003 - CONTROL NUMBER IDENTIFIER | |
| rucl marc code | BD-RjUL |
| 005 - DATE AND TIME OF LATEST TRANSACTION | |
| control field | 20211209082532.0 |
| 008 - FIXED-LENGTH DATA ELEMENTS--GENERAL INFORMATION | |
| fixed length control field | 180628s2016 bg a|||| |||| 00| 0 ben d |
| 020 ## - INTERNATIONAL STANDARD BOOK NUMBER | |
| International Standard Book Number | 9789849095873 |
| Terms of availability | Tk.500.00 |
| 035 ## - SYSTEM CONTROL NUMBER | |
| System control number | (BD-RjUL)74522 |
| 040 ## - CATALOGING SOURCE | |
| Original cataloging agency | BD-RjUL |
| Language of cataloging | eng |
| Transcribing agency | BD-RjUL |
| 041 ## - LANGUAGE CODE | |
| Language code of text/sound track or separate title | ben |
| 082 ## - DEWEY DECIMAL CLASSIFICATION NUMBER | |
| Edition number | 23 |
| Classification number | 891.441409 |
| Author mark and year | BAR 2016 |
| 100 ## - MAIN ENTRY--PERSONAL NAME | |
| Personal name | বড়ুয়া, শিমুল |
| 9 (RLIN) | 221569 |
| 245 ## - TITLE STATEMENT | |
| Title | রবীন্দ্রজীবনে ও সাহিত্যে চট্টগ্রাম / |
| Statement of responsibility, etc. | শিমুল বড়ূয়া |
| 260 ## - PUBLICATION, DISTRIBUTION, ETC. (IMPRINT) | |
| Place of publication, distribution, etc. | চট্টগ্রাম : |
| Name of publisher, distributor, etc. | অমিতাভ প্রকাশন , |
| Date of publication, distribution, etc. | ২০১৬ |
| 300 ## - PHYSICAL DESCRIPTION | |
| Pagination | 264 p. : |
| Illustrations | ill ; |
| Size | 22 cm. |
| 600 ## - SUBJECT ADDED ENTRY--PERSONAL NAME | |
| Personal name | ঠাকুর, রবীন্দ্রনাথ |
| General subdivision | সমালোচনা এবং ব্যাখ্যা। |
| Chronological subdivision | ১৮৬১-১৯৪১ |
| Personal name | Tagore, Rabindranath, |
| General subdivision | Criticism and interpretation. |
| Chronological subdivision | 1861-1941 |
| 650 ## - SUBJECT ADDED ENTRY--TOPICAL TERM | |
| Topical term or geographic name as entry element | বাংলাসাহিত্য |
| General subdivision | সমালোচনা এবং ব্যাখ্যা। |
| 9 (RLIN) | 221571 |
| Topical term or geographic name as entry element | Bengali Literature |
| Form subdivision | History and Criticsm |
| 9 (RLIN) | 221572 |
| 942 ## - ADDED ENTRY ELEMENTS (KOHA) | |
| Source of classification or shelving scheme | Dewey Decimal Classification |
| Koha item type | Books |
| Lost status | Source of classification or shelving scheme | Damaged status | Not for loan | Collection code | Permanent Location | Current Location | Shelving location | Date acquired | Source of acquisition | Cost, normal purchase price | Total Checkouts | Full call number | Date last seen | Copy number | Koha item type |
|---|---|---|---|---|---|---|---|---|---|---|---|---|---|---|---|
| Dewey Decimal Classification | Not For Loan | Non-fiction | Central Library, University of Rajshahi | Central Library, University of Rajshahi | Reading Room | 16/11/2017 | Author | 500.00 | B 891.441409 BAR 2016 | 28/06/2018 | C-1 | Books | |||
| Dewey Decimal Classification | Non-fiction | Central Library, University of Rajshahi | Central Library, University of Rajshahi | 16/11/2017 | Author | 500.00 | B 891.441409 BAR 2016 | 28/06/2018 | C-2 | Books |